Normal view
MARC view
- Language and languages
Entry Término temático
001 - NÚMERO DE CONTROL
- campo de control: 6536
003 - IDENTIFICADOR DEL NÚMERO DE CONTROL
- campo de control: ES-StUEA
005 - FECHA Y HORA DE LA ÚLTIMA TRANSACCIÓN
- campo de control: 20260410104639.0
008 - DATOS DE LONGITUD FIJA
- campo de control de longitud fija: 260410|| aca||aabn | a|a d
040 ## - FUENTE DE LA CATALOGACIÓN
- Centro catalogador/agencia de origen: ES-StUEA
- Centro/agencia transcriptor: ES-StUEA
150 ## - ENCABEZAMIENTO--TÉRMINO DE MATERIA
- Término de materia o nombre geográfico como elemento de entrada: Language and languages
- Subdivisión general: Study and teaching
- Subdivisión general: Technological innovations
670 ## - FUENTE DE DATOS ENCONTRADOS
- Cita de la fuente: Work cat.: (ES-StUEA)0: The Cambridge handbook of technology in language teaching and learning /, 2025